[Event "Costa Viola op 3rd"]
[Site "St Eufemia d'Aspromonte"]
[Date "2010.01.04"]
[Round "4"]
[White "Massaro, Umile"]
[Black "Violi, Vincenzo"]
[Result "0-1"]
[WhiteElo "1440"]
[BlackElo "1605"]
[PlyCount "96"]
[EventDate "2010.01.02"]
[EventType "swiss"]
[EventRounds "7"]
[EventCountry "ITA"]
[SourceTitle "EXT 2011"]
[Source "ChessBase"]
[SourceDate "2010.11.26"]
[SourceVersion "1"]
[SourceVersionDate "2010.11.26"]
[SourceQuality "1"]

1. e4 c5 2. Nf3 d6 3. d4 cxd4 4. Nxd4 Nf6 5. Bb5+ Bd7 6. Bxd7+ Nbxd7 7. Nc3 e6 8. Bg5 Be7 9. Qd3 Ne5 10. Qb5+ Qd7 11. 0-0 h6 12. Bf4 Nc6 13. Nxc6 bxc6 14. Qe2 0-0 15. e5 Nd5 16. Nxd5 cxd5 17. Qg4 Kh7 18. exd6 Bxd6 19. Bxd6 Qxd6 20. b3 Rac8 21. Rac1 Qa3 22. Qa4 Qxa4 23. bxa4 Rc4 24. a5 Ra4 25. Rb1 Rxa5 26. Rb2 Rc5 27. g3 f6 28. Rb7 Ra5 29. Re1 e5 30. Ra1 Rc8 31. Rb2 Rac5 32. Rc1 d4 33. Kf1 d3 34. Ke1 Rxc2 35. Rbxc2 Rxc2 36. Rxc2 dxc2 37. Kd2 Kg6 38. Kxc2 Kf5 39. Kd3 Ke6 40. h4 Kd5 41. f3 g6 42. a3 f5 43. g4 fxg4 44. fxg4 e4+ 45. Ke3 Ke5 46. h5 g5 47. a4 a5 48. Ke2 Kf4 0-1